Word of mouth marketing : (Record no. 17927)
[ view plain ]
| 000 -LEADER | |
|---|---|
| fixed length control field | 00797nam a22002177a 4500 |
| 005 - DATE AND TIME OF LATEST TRANSACTION | |
| control field | 20140119101144.0 |
| 008 - FIXED-LENGTH DATA ELEMENTS--GENERAL INFORMATION | |
| fixed length control field | 140119s2012 xxua fr|||| 000 0 eng d |
| 020 ## - INTERNATIONAL STANDARD BOOK NUMBER | |
| International Standard Book Number | 9780983429029 |
| 082 04 - DEWEY DECIMAL CLASSIFICATION NUMBER | |
| Edition number | 22 |
| Classification number | 659.133 |
| Item number | SER |
| 100 1# - MAIN ENTRY--PERSONAL NAME | |
| 9 (RLIN) | 34863 |
| Personal name | Sernovitz, Andy |
| 245 10 - TITLE STATEMENT | |
| Title | Word of mouth marketing : |
| Remainder of title | the comic book ! / |
| Statement of responsibility, etc | Andy Sernovitz, with Cale Johnson ; illustrated by Shane Clester. |
| 250 ## - EDITION STATEMENT | |
| Edition statement | 1st ed. |
| 260 ## - PUBLICATION, DISTRIBUTION, ETC. (IMPRINT) | |
| Place of publication, distribution, etc | Austin, United States : |
| Name of publisher, distributor, etc | Press Box Publishing, |
| Date of publication, distribution, etc | 2012 |
| Place of manufacture | (Marston Gate, United Kingdom : |
| Manufacturer | Amazon Co. Uk. Ltd.) |
| 300 ## - PHYSICAL DESCRIPTION | |
| Extent | 68 p. : |
| Other physical details | ill. ; |
| Dimensions | 26 cm. |
| 650 #0 - SUBJECT ADDED ENTRY--TOPICAL TERM | |
| 9 (RLIN) | 34862 |
| Topical term or geographic name as entry element | Word-of-mouth advertising |
| 653 ## - INDEX TERM--UNCONTROLLED | |
| Resource For college | |
| Arrived date list | January2014 |
| 655 ## - INDEX TERM--GENRE/FORM | |
| Form subdivision | |
| -- | 34232 |
| 700 1# - ADDED ENTRY--PERSONAL NAME | |
| 9 (RLIN) | 34860 |
| Personal name | Johnson, Cale |
| 700 1# - ADDED ENTRY--PERSONAL NAME | |
| 9 (RLIN) | 34861 |
| Personal name | Clester, Shane |
| Relator term | illustrator. |
| 942 ## - ADDED ENTRY ELEMENTS (KOHA) | |
| Source of classification or shelving scheme | Dewey Decimal Classification |
| Call number prefix | 659.133 SER |
| Withdrawn status | Item status | Source of classification or shelving scheme | Damaged status | Not for loan | Vendor | Home library | Current library | Shelving location | Date acquired | Source of acquisition | Total Checkouts | Total Renewals | Full call number | Barcode | Date last seen | Date last borrowed | Koha item type |
|---|---|---|---|---|---|---|---|---|---|---|---|---|---|---|---|---|---|
| Dewey Decimal Classification | Baccah | Central Library | Central Library | First floor | 19/01/2014 | 2 | 5 | 659.133 SER | 000035340 | 15/07/2025 | 16/11/2015 | Book - Borrowing |